| 000 | 01498cad a22003015a 4500 | ||
|---|---|---|---|
| 001 | L108140 | ||
| 008 | 110906s2011 xxk 000 0 eng u | ||
| 020 | _a0117535583 | ||
| 035 | _a(Sirsi) u108140 | ||
| 050 | _a711.73 | ||
| 110 |
_aUnited Kingdom _bDepartment for Communities and Local Government _94939 |
||
| 245 |
_aPlanning Policy Guidance Note 13 _btransport _h[electronic resource] |
||
| 250 | _aRevised ed. | ||
| 260 |
_aLondon _bStationery Office _c2011 |
||
| 490 |
_aPPG _v13 |
||
| 520 | _aPlanning Policy Guidance 13's (PPG13) objectives are to integrate planning and transport at the national, regional, strategic and local level and to promote more sustainable transport choices both for carrying people and for moving freight. | ||
| 520 | _aThis updates Planning Policy Guidance (PPG 13) (ISBN 0117535583) published on 20 April 2001 to reflect changes to parking standards and charges. Amendments have been made to paragraphs 49 to 56 only. | ||
| 650 | _aPLANNING POLICY GUIDANCE NOTE 13 | ||
| 650 |
_aInfrastructure _96246 |
||
| 650 | _aPROPERTY-INFRASTRUCTURE-TRANSPORT INFRASTRUCTURE-ROAD INFRASTRUCTURE | ||
| 650 | _aPARKING | ||
| 650 | _aTRAFFIC MANAGEMENT | ||
| 650 | _aPARK AND RIDE | ||
| 651 | 4 |
_aEngland and Wales _y1543- |
|
| 690 | _aENVIRONMENTAL AND LAND CONSULTANCY-PLANNING AND DEVELOPMENT | ||
| 856 | 4 | 8 |
_uhttps://www.communities.gov.uk/documents/planningandbuilding/pdf/1758358.pdf _zView the item free of charge at www.communities.gov.uk |
| 942 | _n0 | ||
| 999 |
_c100758 _d100758 |
||